000 00415nam a2200145Ia 4500
008 231129s2003||||xx |||||||||||||| ||spa||
020 _a950-547-062-2 (obr
040 _bspa
082 _a896.683 T649s
100 _aTolkien John Ronald Reuen
245 0 _aEl seƱor de los anillos
260 _c2003
264 _aArgentina Buenos Aires: Minotaruro: Planeta
942 _2ddc
_cBKS
999 _c12402
_d12402